Insoumises et conquérantes : Travesties pour changer le cours de l'Histoire (notice n° 2097169)

détails MARC
000 -LEADER
fixed length control field 01266cam a2200133 4500500
005 - DATE AND TIME OF LATEST TRANSACTION
control field 20260405011739.0
041 ## - LANGUAGE CODE
Language code of text/sound track or separate title fre
042 ## - AUTHENTICATION CODE
Authentication code dc
100 10 - MAIN ENTRY--PERSONAL NAME
Personal name Soumet, Hélène
Relator term author
245 00 - TITLE STATEMENT
Title Insoumises et conquérantes : Travesties pour changer le cours de l'Histoire
260 ## - PUBLICATION, DISTRIBUTION, ETC.
Name of publisher, distributor, etc. Dunod,<br/>
Date of publication, distribution, etc. 2021.<br/>
520 ## - SUMMARY, ETC.
Summary, etc. Quel est le point commun entre Mulan, Louise Michel, Isabelle Eberhardt, George Sand, Rosa Bonheur ou encore Colette&amp;#8239;? Qu’elles soient guerrières, savantes et intellectuelles, aventurières et voyageuses ou bien encore artistes et créatrices, elles se sont toutes prêtées à la mystification en volant une identité d’homme ou en se travestissant.Ces femmes ont osé braver l’interdit, elles sont toutes animées par cette soif de vivre à leur manière, envers et contre tout: l’indifférence de la société, le poids de la religion et, partout, la domination masculine.De Mulan, la jeune Chinoise tirée de l’oubli par les studios Disney à Colette, l’auteur nous entraîne dans l’histoire de ces femmes culottées qui ont fait le choix bien avant l’heure de vivre à égalité avec les hommes.
856 41 - ELECTRONIC LOCATION AND ACCESS
Uniform Resource Identifier <a href="https://shs.cairn.info/insoumises-et-conquerantes--9782100815197?lang=fr&redirect-ssocas=7080">https://shs.cairn.info/insoumises-et-conquerantes--9782100815197?lang=fr&redirect-ssocas=7080</a>

Pas d'exemplaire disponible.

PLUDOC

PLUDOC est la plateforme unique et centralisée de gestion des bibliothèques physiques et numériques de Guinée administré par le CEDUST. Elle est la plus grande base de données de ressources documentaires pour les Étudiants, Enseignants chercheurs et Chercheurs de Guinée.

Adresse

627 919 101/664 919 101

25 boulevard du commerce
Kaloum, Conakry, Guinée

Réseaux sociaux

Powered by Netsen Group @ 2025